| 000 | 00441cam a2200181ua 4500 | ||
|---|---|---|---|
| 001 | 2155 | ||
| 008 | 110804n ii |||gr||||Z||||||asm | ||
| 040 | _cMAIN | ||
| 082 | _a370 | ||
| 100 |
_aSharma, Mukul Kr., _eAuthor. |
||
| 245 | 1 |
_aSiksha (H. S. 1st yr.) _cby Mukul Kr. Sharma |
|
| 250 | _a5th. | ||
| 260 |
_aDibrugarh: _bStudents emporium,998. |
||
| 300 |
_a160p: _bill; _c23cm. |
||
| 653 | _aEducation | ||
| 653 | _aSiksha | ||
| 942 | _cBK | ||
| 999 |
_c2023 _d2023 |
||